| 000 | 00460nam a2200181Ia 4500 | ||
|---|---|---|---|
| 005 | 20250326124005.0 | ||
| 008 | 250326s9999 xx 000 0 und d | ||
| 037 | _aTextbook | ||
| 040 |
_aFMSL _beng _cFMSL |
||
| 041 |
_aeng _2eng |
||
| 084 |
_aX K2 _qFMSL |
||
| 100 | _aJames C L | ||
| 245 | 0 |
_aPrinciples of economics _cJames C L |
|
| 260 |
_aNY _bNY, Barnes & Noble _c1962 |
||
| 300 | _a367p | ||
| 942 |
_cTB _hX K2 |
||
| 999 |
_c1271789 _d1271789 |
||